000 00422nam a22001817a 4500
003 MPLRDC
005 20220104123635.0
008 210129b ||||| |||| 00| 0 eng d
020 _a7-80569-760-4
082 _a848.4 ZAL-16
100 _a张爱玲
245 _a童言无忌
_c
250 _a一版三刷
260 _a
_b上海书局
_c1996
300 _b
650 _a现代别集
942 _cBK
_o848.4 ZAL-16
999 _c13019
_d13009